| 000 | 01130nam0a22002771 4500 | ||
|---|---|---|---|
| 001 | v19\rc\1346767 | ||
| 005 | 20250618074128.0 | ||
| 035 | _a(NLR Aleph) 004493276 | ||
| 090 |
_a4659780 _c4659780 |
||
| 100 | _a20060512e18611861|||y0rusy50 ca | ||
| 101 | 0 | _arus | |
| 102 | _aRU | ||
| 105 | _ay z ||||| | ||
| 200 | 1 | _aИз воспоминаний офицера Генерального штаба о водворении выходцев Болгарии и Румилии в казенных и пустопорожних землях Таврического полуострова | |
| 210 |
_a[Санкт-Петербург] _d[1861] |
||
| 215 | _a8 с. | ||
| 300 | _aВ конце текста: М. Р-ий | ||
| 311 | _aИз "Отеч. зап." 1861, т. 135, апр., с. 477-484 | ||
| 488 | 0 |
_12001#$aОтечественные записки$v1861, т. 135, апр. _1215##$aС. 477-484 _tОтечественные записки |
|
| 701 | 1 |
_aР-ий _bМ. |
|
| 801 | 0 |
_aRU _bNLR _gpsbo |
|
| 801 | 0 |
_aRU _bRuMoRGB _2psbo |
|
| 801 | 1 |
_aRU _bProSoft-M _2rusmarc |
|
| 852 |
_aNLR _j34.85.6.419 |
||
| 942 | _cBOOK | ||
| 980 | _aNB | ||